000
00315nam a2200109Ia 4500
008
200302s9999 xx 000 0 und d
100
_a
Daniela Bertol
245
_a
Visualizing With Cad : An Autocad Exploration Of Geometric And Architectural Forms -- Cd
260
_b
Allan M Wylde
260
_c
1994
300
_a
359 P
999
_c
4969
_d
4969